Responses for Show #3037 - Tuesday, November 11, 1997

1997-B Teen Tournament semifinal game 2.
From DAR Constitution Hall in Washington, D.C.

Contestants

[<< previous game]

Kira Whelan, a senior from Seal Beach, California

Enos Williams, a junior from Beaumont, Texas

Bea Vo, a senior from Reston, Virginia

[next game >>]

Jeopardy! Round responses

TV THAT'S GOOD FOR YOU
WORLD CITIES
MIND YOUR BUSINESS
THE DREADED SPELLING CATEGORY
(Alex: And yes, you must spell the correct response)
MISS MANNERS' MANNERS
NATIONAL GEOGRAPHIC
    $100 21
Shamu

Enos
    $100 1
Rio de Janeiro

Enos
    $100 16
Bic

Enos
    $100 6
P-E-S-S-I-M-I-S-T

Bea
    $100 9
Napkin

Bea
    $100 26
Penguin

Enos
    $200 22
Sesame Street

Enos
    $200 2
Plymouth

Triple Stumper
    $200 17
Sony

Bea
    $200 7
T-A-N-G-E-R-I-N-E

Bea
    $200 10
Anklet

Bea
    $200 27
Golden Gate Bridge

Enos
    $300 23
Afterschool Specials

Enos
    $300 3
Calcutta

Enos
    $300 18
Dustbuster

Enos
    $500 8
P-H-O-E-N-I-X

Bea
    $300 11
Christmas cards

Bea
    $300 28
(B: What is Cairo?)
(E: What is Mexico City?)
(K: What is Long Beach?)

Las Vegas

BeaEnosKira
Triple Stumper
    $400 24
Public Service Announcement

Enos
    $400 4
Stuttgart

Triple Stumper
    $400 19
CompuServe

Enos
    $400 14
D-E-L-I-C-A-T-E-S-S-E-N

Enos
    $400 12
Elbows

Enos
    $400 29
Lake Superior

Enos
    $500 25
PBS

Bea
    $500 5
Nairobi

Enos
    $500 20
Nestle

Enos
    $500 15
O-B-S-O-L-E-T-E

Enos
    $500 13
Ants

Enos
    $500 30
Soldiers

Enos

Scores at the first commercial break (after clue 14):

Bea Enos Kira
$1,400 $2,200 $0

Scores at the end of the Jeopardy! Round:

Bea Enos Kira
$1,800 $5,900 -$300

Double Jeopardy! Round responses

TV THAT'S NOT AS GOOD FOR YOU
ASTRONOMY
BELCHING
(Alex: How rude!)
THE SMITHSONIAN
HISTORIC AMERICANS
CELEBRITY RHYME TIME
    $200 6
Talk show

Enos
    $200 11
Comets

Enos
    $200 16
Lava

Bea
    $200 19
Orville Wright

Bea
    $200 22
Davy Crockett

Kira
    $200 1
Sheen's jeans

Kira
    $400 7
Home Videos

Kira
    $400 12
Black hole

Enos
    $400 17
Burping

Enos
    $400 20
(B: What is the archives?)

"The Nation's Attic"

Bea
Triple Stumper
    $400 23
John Philip Sousa

Enos
    $400 2
Grammer's hammers

Enos
    $600 8
Mighty Morphin Power Rangers

Bea
    $2,000 13
(E: What is Aries?)

Scorpio

Enos
    $600 18
Fire

Bea
    $600 21
The Castle

Kira
    $600 24
Zebulon Pike

Enos
    $600 3
Heather's feathers

Enos
    $800 9
Murders

Enos
    $800 14
(K: What is the Big Dipper?)
(B: What is the Little Dipper?)

Centaurus

BeaKira
Triple Stumper
    $1,000 29
Barney (Gumble)

Kira
    $800 28
Air & Space Museum

Kira
    $800 25
(E: Who is Carver?)
(and we have less than a minute to go...)

Booker T. Washington

BeaEnos
    $800 4
Fred's beds

Enos
    $1000 10
Walker, Texas Ranger

Enos
    $1000 15
Jupiter

Bea
    $1000 30
The Maltese Falcon

Enos
    $1000 27
New York City

Bea
    $1000 26
(B: Who is Vanderbilt?)
(E: Who is Carnegie?)

John D. Rockefeller

BeaEnosKira
    $1000 5
(B: What are Streep's jeeps?)
(K: What are Streep's...jeeps?)
(E: What are Streep's sheeps?)

Streep's leaps

BeaEnosKira
Triple Stumper

Scores at the end of the Double Jeopardy! Round:

Bea Enos Kira
$3,000 $7,900 $2,100
(lock game)

[wagering suggestions for these scores]

Final Jeopardy! Round responses

18th CENTURY IN THE NEWS
KiraWhat is tea?
$2,100
BeaWhat is Tea?
$3,000
EnosWhat is Tea?
$1,500
Tea (the Boston Tea Party took place)

Final scores:

Bea Enos Kira
$6,000 $9,400 $4,200
2nd place: $5,000 Finalist 3rd place: $5,000

Game dynamics:

Coryat scores:

Bea Enos Kira
$2,800 $9,900 $1,900
15 R
(including 1 DD),
5 W
31 R,
5 W
(including 1 DD)
7 R
(including 1 DD),
3 W

Combined Coryat: $14,600

[game clues] [game scores] [suggest correction]

Game tape date: 1997-11-02
The J! Archive is created by fans, for fans. Scraping, republication, monetization, and malicious use prohibited; this site may use cookies and collect identifying information. See terms. The Jeopardy! game show and all elements thereof, including but not limited to copyright and trademark thereto, are the property of Jeopardy Productions, Inc. and are protected under law. This website is not affiliated with, sponsored by, or operated by Jeopardy Productions, Inc. Join the discussion at JBoard.tv.